Effect of organic fertilizer on melon in anlongvil commune, sanke district, battambang province, ឥទ្ធិពលជីសរីរាង្គលើដំណាំមីឡុង ក្នុងឃុំអន្លុងវិល ស្រុកសង្កែ ខេត្តបាត់ដំបង. (Record no. 1434)

000 -LEADER
fixed length control field 00632nam a22001217a 4500
040 ## - CATALOGING SOURCE
Transcribing agency RUA
082 ## - DEWEY DECIMAL CLASSIFICATION NUMBER
Classification number AGR.BB SIE 2010 B060 Or.1
100 ## - MAIN ENTRY--AUTHOR NAME
Personal name SIENG, VANSITHA.
245 ## - TITLE STATEMENT
Title Effect of organic fertilizer on melon in anlongvil commune, sanke district, battambang province, ឥទ្ធិពលជីសរីរាង្គលើដំណាំមីឡុង ក្នុងឃុំអន្លុងវិល ស្រុកសង្កែ ខេត្តបាត់ដំបង.
300 ## - PHYSICAL DESCRIPTION
Number of Pages ix,71p.
Other physical details ill.
Dimensions 29cm.
856 ## - ELECTRONIC LOCATION AND ACCESS
Uniform Resource Identifier https://drive.google.com/file/d/1XDpkQTgEWIPwH_p_X9SJkenX0qv6AG-O/view?usp=sharing
942 ## - ADDED ENTRY ELEMENTS (KOHA)
Koha item type AGR.bb
952 ## - LOCATION AND ITEM INFORMATION (KOHA)
Withdrawn status [LOCAL, KOHA] 0
952 ## - LOCATION AND ITEM INFORMATION (KOHA)
Withdrawn status [LOCAL, KOHA] 0
952 ## - LOCATION AND ITEM INFORMATION (KOHA)
Withdrawn status [LOCAL, KOHA] 0
952 ## - LOCATION AND ITEM INFORMATION (KOHA)
Withdrawn status [LOCAL, KOHA] 0
952 ## - LOCATION AND ITEM INFORMATION (KOHA)
Withdrawn status [LOCAL, KOHA] 0
952 ## - LOCATION AND ITEM INFORMATION (KOHA)
Withdrawn status [LOCAL, KOHA] 0
952 ## - LOCATION AND ITEM INFORMATION (KOHA)
Withdrawn status [LOCAL, KOHA] 0
Holdings
Permanent Location Date acquired Koha item type Lost status Shelving location Barcode Current Location Full call number
Library Block B2015-09-28AGR.bb B060RUA009834Library Block BAGR.BB SIE 2010 B060 Or.1
Library Block B2015-09-28AGR.bb B060RUA001900Library Block BAGR.BB SIE 2010 B060 Or.2
Library Block B2015-09-28AGR.bb B060RUA001689Library Block BAGR.BB SIE 2010 B060 Or.3
Library Block B2015-09-28AGR.bb B060RUA001828Library Block BAGR.BB SIE 2010 B060 Or.4
Library Block B2015-09-28AGR.bb B060RUA001756Library Block BAGR.BB SIE 2010 B060 Or.5
Library Block B2015-09-28AGR.bb B060RUA009906Library Block BAGR.BB SIE 2010 B060 Or.6
Library Block B2019-02-25AGR.bb B1.222A35850Library Block BAGR.BB SIE 2010 B1.222 Or.1
មជ្ឈមណ្ឌលឯការនៃសាកលវិទ្យាល័យភូមិន្ទកសិកម្មចំការដូង

Powered by Koha